<?xml version="1.0" encoding="UTF-8"?>
<collection xmlns="http://www.loc.gov/MARC21/slim">
 <record>
  <leader>00477pamaa2200169   4500</leader>
  <controlfield tag="001">0000035789</controlfield>
  <controlfield tag="005">20090202090000.0</controlfield>
  <datafield tag="020" ind1="0" ind2="0">
   <subfield code="a">0521530156 (pbk) </subfield>
  </datafield>
  <datafield tag="082" ind1=" " ind2=" ">
   <subfield code="a">519 QUA</subfield>
  </datafield>
  <datafield tag="090" ind1="0" ind2="0">
   <subfield code="a">QA805 </subfield>
   <subfield code="b">QUA 2002</subfield>
  </datafield>
  <datafield tag="100" ind1="1" ind2="0">
   <subfield code="a">Quadling </subfield>
  </datafield>
  <datafield tag="245" ind1="1" ind2="0">
   <subfield code="a">Advanced level mathematics mechanics 1  </subfield>
   <subfield code="c">Douglas Quadling.</subfield>
  </datafield>
  <datafield tag="260" ind1="0" ind2="0">
   <subfield code="a">Cambridge: </subfield>
   <subfield code="b">Cambridge University Press, </subfield>
   <subfield code="c">2002.</subfield>
  </datafield>
  <datafield tag="300" ind1=" " ind2=" ">
   <subfield code="a">204 p.; </subfield>
   <subfield code="c">25cm.</subfield>
  </datafield>
  <datafield tag="440" ind1="0" ind2="0">
   <subfield code="a">Cambridge International Examinations</subfield>
  </datafield>
  <datafield tag="650" ind1="0" ind2="0">
   <subfield code="a">Mathematics </subfield>
  </datafield>
  <datafield tag="650" ind1="0" ind2="0">
   <subfield code="a">Mechanics </subfield>
  </datafield>
 </record>
</collection>
